000 00613nam a2200169 a 4500
008 190610s2007 ||||||||||||||||| || u
020 _a9780123736352
050 _aQA 273 Ros
100 _aRoss, Sheldon M
245 1 0 _aIntroduction to probability models.( 9th ed.)
_cSheldon M. Ross
250 _a9th edition
260 _aAmsterdam
_bElsevier
_c2007
300 _axviii, 782 pages: illustration
350 _a57.20
650 0 _aPROBABILITIES
995 _FCBU-MAIN LIBRARY (Kitwe)
_I57.20
_M1
_UAVAILABLE
_WJun 10, 2019
_ZMain Library Open Access Collection
999 _c47962
_d47962